История России. IX — начало XXI в.: учебное пособие

Detalles Bibliográficos
Autor principal: Земцов Б. Н. Борис Николаевич
Sumario:Учебное пособие написано в соответствии с государственной федеральной программой по истории для неисторических вузов и с учетом последних достижений отечественной и зарубежной исторической науки. В нем показана эволюция экономики и социальных отношений, политической системы и культуры, внешнеполитического положения России с момента возникновения государства по настоящее время. Учебное пособие предназначено для студентов неисторических вузов (бакалавриат, магистратура) и всех, кто интересуется отечественной историей.
Lenguaje:ruso
Publicado: Москва, IDO PRESS, 2012
Materias:
Formato: MixedMaterials Libro
KOHA link:https://koha.lib.tpu.ru/cgi-bin/koha/opac-detail.pl?biblionumber=221226

MARC

LEADER 00000nam0a2200000 4500
001 221226
005 20241126063150.0
010 |a 9785913042743 
010 |a 978-5-4243-0008-0 
035 |a (RuTPU)RU\TPU\book\241370 
090 |a 221226 
100 |a 20120907d2012 m y0rusy50 ca 
101 0 |a rus 
102 |a RU 
105 |a a j 001zy 
200 1 |a История России. IX — начало XXI в.  |e учебное пособие  |f Б. Н. Земцов 
210 |a Москва  |c IDO PRESS  |c Университетская книга  |d 2012 
215 |a 552 с.  |c ил. 
320 |a Библиогр.: с. 550-552. 
330 |a Учебное пособие написано в соответствии с государственной федеральной программой по истории для неисторических вузов и с учетом последних достижений отечественной и зарубежной исторической науки. В нем показана эволюция экономики и социальных отношений, политической системы и культуры, внешнеполитического положения России с момента возникновения государства по настоящее время. Учебное пособие предназначено для студентов неисторических вузов (бакалавриат, магистратура) и всех, кто интересуется отечественной историей. 
606 |a Россия  |x История  |7 ca  |8 rus  |2 stltpush  |3 (RuTPU)RU\TPU\subj\64777  |9 81526 
610 1 |a восточные славяне 
610 1 |a Древняя Русь 
610 1 |a удельная Русь 
610 1 |a Московская Русь 
610 1 |a Российская империя 
610 1 |a СССР 
610 1 |a Российская Федерация 
610 1 |a политика 
610 1 |a экономика 
610 1 |a культура 
610 1 |a социальные отношения 
610 1 |a учебные пособия 
686 |a Т3(2)я73  |v LBC/SL-A  |2 rubbk 
700 1 |a Земцов  |b Б. Н.  |g Борис Николаевич 
801 1 |a RU  |b 63413507  |c 20120907 
801 2 |a RU  |b 63413507  |c 20150429  |g RCR 
900 |a История 
942 |c BK 
955 |l 8 
959 |a 112/20120907  |d 2  |e 484,00  |f ЧЗГЛ:1  |f АНЛ:1